Statistics for Billy Joel songs by the first two lines

Click here to take the quiz!

General Stats

  • This quiz has been taken 41 times
  • The average score is 6 of 15

Answer Stats

HintAnswer% Correct
It's nine o'clock on a Saturday
The regular crowd shuffles in
Piano Man
97%
Some people stay far away from the door
If there's a chance of it opening up
An Innocent Man
56%
If it seems like I've been lost
In let's remember
Keeping The Faith
56%
I don't believe in first impressions
For just this once I hope that looks don't deceive
Get It Right the First Time
47%
​Some love is just a lie of the heart
The cold remains of what began with a passionate start
A Matter of Trust
44%
You got diamonds and I got spades
You got pills and I got razor blades
A Room of Our Own
41%
Now we take our time
So nonchalant
I've Loved These Days
35%
Well, it's a rainy night in Paris,
And I'm sitting by the Seine
Somewhere Along the Line
35%
A picture postcard
A folded stub
Souvenir
29%
Some people think that she's one of those mink-coated ladies
They say she wakes up at one
That's Not Her Style
29%
Today I'm livin' like a rich man's son
Tomorrow mornin' I could be a bum
Worse Comes to Worst
29%
Here I am again
In this smoky place
C'etait Toi
26%
I never ask you where you go
After I leave you in the morning
Until the Night
26%
Well, so here I am at the end of the road
Where do I go from here?
Got to Begin Again
21%
Some things were perfectly clear
Seen with the vision of youth
Shades of Grey
18%

Score Distribution

Percentile by Number Answered

Percent of People with Each Score

Your Score History

You have not taken this quiz